Địa kỹ thuật

Kaydedildi:
Detaylı Bibliyografya
Yazar: Trần Thanh Giám
Materyal Türü: Kitap
Dil:Undetermined
Baskı/Yayın Bilgisi: Hà Nội Xây Dựng 1999
Konular:
Etiketler: Etiketle
Etiket eklenmemiş, İlk siz ekleyin!
Thư viện lưu trữ: Trung tâm Học liệu Trường Đại học Cần Thơ
LEADER 00543nam a2200193Ia 4500
001 CTU_36124
008 210402s9999 xx 000 0 und d
020 |b 32.0000đ 
082 |a 624.15 
082 |b Gi104 
100 |a Trần Thanh Giám 
245 0 |a Địa kỹ thuật 
245 0 |c Trần Thanh Giám 
260 |a Hà Nội 
260 |b Xây Dựng 
260 |c 1999 
650 |a civil engineering,rock mechanics,soil mechanics 
904 |i Minh, 000413 
980 |a Trung tâm Học liệu Trường Đại học Cần Thơ